000
00327 a2200109 4500
001
ART_3704
005
20260410161717.0
008
260409a
245
1
0
_a
De trenes y pueblos "fantasma"
100
1
_a
Müller, Alberto E.G.
773
0
_t
Desarrollo económico
_g
- Vol. 46, Nº 184 (ene./mar. 2007)
_w
REV1174
999
_c
16635
_d
16635